Countries Closest to the United States - One Minute Sprint - Statistics

General Stats
  • This quiz has been taken 87 times
  • The average score is 13 of 20
Answer Stats
km country miles % Correct
0 Canada 0
100%
0 Mexico 0
100%
153 Cuba 93
90%
83 Bahamas 53
82%
945 Haiti 579
77%
1068 Guatemala 665
75%
1066 Dominican Republic 663
74%
4 Russia 2
74%
1080 Nicaragua 671
73%
758 Jamaica 471
71%
1677 Panama 1042
71%
1010 Honduras 608
68%
929 Belize 578
66%
1534 Costa Rica 953
66%
1339 El Salvador 832
61%
1242 Colombia 772
42%
2005 Saint Kitts and Nevis 1246
42%
2080 Antigua and Barbuda 1292
38%
1737 Venezuela 1080
38%
1664 Kiribati 1034
13%
No matching quizzes found
Score Distribution
Percent of People with Each Score
Percentile by Number Answered
Your Score History
You have not taken this quiz